Statistics for Cheapest and Most Expensive Cities for Marijuana

Click here to take the quiz!

General Stats

  • This quiz has been taken 76 times
  • The average score is 8 of 20

Answer Stats

Cost Per Gram ($)RegionCity% Correct
2.20South AmericaBogota
80%
32.66AsiaTokyo
65%
20.52AsiaBeijing
59%
4.38AsiaNew Delhi
57%
24.81AsiaBangkok
52%
20.82AsiaShanghai
52%
27.48AsiaHong Kong
51%
3.85Central AmericaPanama City
49%
1.34South AmericaQuito
48%
32.44AsiaSeoul
48%
4.15South AmericaMontevideo
39%
21.63EuropeDublin
36%
3.79AsiaJakarta
36%
19.14EuropeOslo
36%
2.22South AmericaAsuncion
28%
4.01AfricaJohannesburg
28%
29.65AsiaKyoto
9%
20.98EuropeTallinn
7%
4.29EuropeAntwerp
4%
4.22AsiaAstana
1%

Score Distribution

Percentile by Number Answered

Percent of People with Each Score

Your Score History

You have not taken this quiz